Statistiques concernant Médicaments : DCI et Nom commercial

Cliquez ici pour prendre le quiz!

Statistiques générales

  • Ce quiz a été pris 257 fois
  • Le résultat moyen est 7 sur 15

Statistiques - réponses

DCINom commercial% Correct
alprazolamXANAX
84%
amlodipineAMLOR
81%
desloratadineAERIUS
71%
diclofénacVOLTARENE
62%
amiodaroneCORDARONE
61%
clopidogrelPLAVIX
61%
fosfomycineMONURIL
55%
alfuzosineXATRAL
46%
ceftrixaoneROCEPHINE
38%
carbamazépineTEGRETOL
38%
allopurinolZYLORIC
36%
cefpodoximeORELOX
30%
acébutololSECTRAL
27%
celiprololCELECTOL
16%
captoprilLOPRIL
11%

Distribution des résultats

Percentile par nombre de réponses

% des personnes avec chaque résultat

Votre développement - résultats

Vous n’avez pas pris ce quiz